Hauptreligionen der Welt - Statistiken

Allgemein
  • Dieses Quiz wurde 14.078 mal gespielt
  • Das Durchschnittsergebnis liegt bei 9 aus 21
Antwortstatistiken
Antwort % Korrekt
Islam
97%
Christentum
96%
Buddhismus
93%
Hinduismus
90%
Judentum
85%
Katholizismus
73%
Orthodoxie
59%
Protestantismus
56%
Schiismus
48%
Sunnismus
44%
Daoismus
22%
Konfuzianismus
19%
Shinto (etc.)
18%
Sikhismus
15%
Zoroastrismus
11%
Shivaismus
8%
Vishnuismus
6%
Bahaitum
5%
Jainismus
5%
Mahayana
3%
Theravada
3%
Keine übereinstimmenden Quizze gefunden
Verteilung der Resultate
Anzahl Personen mit jedem Resultat
Perzentil nach korrekt beantworteten Fragen
Ihre Resultats-Entwicklung
Sie haben dieses Quiz noch nicht gespielt